Statistics for UEFA Champions League Penalties Specialists

Click here to take the quiz!

General Stats

  • This quiz has been taken 84 times
  • The average score is 8 of 14

Answer Stats

#NationalityAnswer% Correct
19Real MadridCristiano Ronaldo
100%
18BarcelonaLionel Messi
100%
14BayernRobert Lewandowski
99%
11Manchester CitySergio Aguero
83%
8BayernThomas Müller
73%
7LiverpoolSteven Gerrard
68%
6BarcelonaRonaldinho
52%
6ArsenalRobin Van Persie
51%
11Manchester UnitedRuud Van Nistelrooy
47%
7ChelseaJorginho
45%
10Real MadridLuis Figo
30%
6ChelseaTimo Werner
27%
8BarcelonaRivaldo
26%
6ValenciaGaizka Mendieta
18%

Score Distribution

Percentile by Number Answered

Percent of People with Each Score

Your Score History

You have not taken this quiz